The economic development of British Guiana ; report of a mission organized by the International Bank for Reconstruction and Development at the request of the Government of British Guiana.

Bibliographic Details
Corporate Author: World Bank
Format: Book
Language:English
Published: [Baltimore] : Johns Hopkins Press for the International Bank for Reconstruction and Development, 1953.
Subjects:

MARC

Tag First Indicator Second Indicator Subfields
LEADER 00000cam a2200000 4500
001 in00000064377
005 20151008051806.0
008 750702s1953 mduab 00000 eng u
010 |a  53013267  
035 |a (OCoLC)01425515 
035 |9 AAH0006AM 
040 |c WSU  |d TXA  |d UtOrBLW 
049 |a TXAM  |c [234544] 
050 0 |a HC207  |b .I58 
082 0 |a 330.9881* 
092 |a 330.9881  |b I61e 
110 2 |a World Bank. 
245 1 4 |a The economic development of British Guiana ;  |b report of a mission organized by the International Bank for Reconstruction and Development at the request of the Government of British Guiana. 
264 1 |a [Baltimore] :  |b Johns Hopkins Press for the International Bank for Reconstruction and Development,  |c 1953. 
300 |a xix, 366 pages :  |b illustrations, maps (part color, 1 folded) ;  |c 24 cm. 
336 |a text  |b txt  |2 rdacontent 
337 |a unmediated  |b n  |2 rdamedia 
338 |a volume  |b nc  |2 rdacarrier 
651 0 |a Guyana  |x Economic conditions. 
999 |a MARS 
999 f f |s f0497772-c57e-3c50-a17a-a6e6a87564b1  |i e2f01e42-208c-3a89-83c5-acb02ca3f45e  |t 0 
952 f f |p ric  |a Texas A&M University  |b Rellis Campus  |c Joint Library Facility  |d Remote Storage  |t 0  |e HC207 .I58  |h Library of Congress classification  |i unmediated -- volume  |m A14800710636 
998 f f |a HC207 .I58  |t 0  |l Remote Storage